|
|
|
|
| LEADER |
01918nam a2200505 a 4500 |
| 001 |
000704601 |
| 003 |
CZ BrMZK |
| 005 |
20110613081015.0 |
| 007 |
ta |
| 008 |
040128s2003 xr e 000 1dcze d |
| 015 |
|
|
|a cnb001297635
|
| 020 |
|
|
|a 80-7341-139-3
|q (váz.) :
|c Kč 199,00
|
| 035 |
|
|
|a (OCoLC)56847434
|
| 040 |
|
|
|a BOA001
|b cze
|
| 041 |
1 |
|
|a cze
|h eng
|
| 072 |
|
7 |
|a 821.111(73)
|x Americká literatura
|2 Konspekt
|9 25
|
| 080 |
|
|
|a 821.111(73)-32
|2 MRF
|
| 080 |
|
|
|a 821.111(73)-2
|2 MRF
|
| 080 |
|
|
|a 929
|2 MRF
|
| 080 |
|
|
|a 821.111(73)-051
|2 MRF
|
| 080 |
|
|
|a (0:82-32)
|2 MRF
|
| 080 |
|
|
|a (0:82-2)
|2 MRF
|
| 080 |
|
|
|a (0:82-94)
|2 MRF
|
| 080 |
|
|
|a (081)
|2 MRF
|
| 100 |
1 |
|
|a Heller, Joseph,
|d 1923-1999
|7 jn19990003358
|4 aut
|
| 245 |
1 |
0 |
|a Hlava nehlava :
|b sebrané povídky a jiné texty /
|c Joseph Heller ; sestavili Matthes J. Bruccoli a Park Bucker ; přeložil Miroslav Jindra
|
| 250 |
|
|
|a 1. vyd. v českém jazyce.
|
| 260 |
|
|
|a Praha :
|b BB art,
|c 2003
|
| 300 |
|
|
|a 310 s. ;
|c 22 cm
|
| 500 |
|
|
|a Přeloženo z angličtiny
|
| 600 |
1 |
7 |
|a Heller, Joseph,
|d 1923-1999
|7 jn19990003358
|2 czenas
|
| 650 |
0 |
7 |
|a američtí spisovatelé
|7 ph117171
|y 20. stol.
|2 czenas
|
| 655 |
|
7 |
|a americké povídky
|7 fd131793
|2 czenas
|
| 655 |
|
7 |
|a americká dramata
|7 fd131790
|2 czenas
|
| 655 |
|
7 |
|a autobiografické vzpomínky
|7 fd131854
|2 czenas
|
| 655 |
|
7 |
|a sborníky
|7 fd163935
|2 czenas
|
| 700 |
1 |
|
|a Bucker, Park
|7 mzk2004218757
|4 com
|
| 700 |
1 |
|
|a Jindra, Miroslav,
|d 1929-2021
|7 jk01051740
|4 trl
|
| 700 |
1 |
|
|a Bruccoli, Matthew Joseph,
|d 1931-2008
|7 jn20000601041
|4 com
|
| 765 |
0 |
|
|t Catch as catch can
|9 Česky
|
| 856 |
4 |
1 |
|u http://www.digitalniknihovna.cz/mzk/uuid/uuid:c49ff7c0-0599-11e3-beb8-005056827e51
|y Digitalizovaný dokument
|x NDK
|
| 910 |
|
|
|a BOA001
|b 2-1129.428
|
| 990 |
|
|
|a BK
|
| 991 |
|
|
|f B-HEL
|
| 996 |
6 |
|
|b 2610211473
|c 2-1129.428
|l MZK
|r Sklad / do 1 hodiny
|n 3
|p p.v.
|w 000704601
|u 000010
|a 1
|e BOA001
|j MZK50
|s P
|